000 01231nam a22003617a 4500
003 CHAP
005 20220329140626.0
008 971013s1995 r 00010 d
010 _a54945
011 _a55917
035 _a60070
040 _cCHAP
090 _aTesis
100 0 0 _aCortez Arriola, José.
_928294
245 _aEvaluación agronómica del maíz forrajero V-107, bajo dos sitemas de labranza en Chapingo, Edo. de México
260 _aChapingo, Méx. :
_bEl autor,
_c1995
300 _a122 h.
502 _aTesis (Ing. Agr. Esp. en Zootecnia) -- UACH. Departamento de Zootecnia
590 _aALEPH
_b10
_c20130110
_lUCH01
_h1332
590 _aBATCH-UPD
_b10
_c20130110
_lUCH01
_h1824
590 _aBATCH-UPD
_b10
_c20130410
_lUCH01
_h1157
590 _aBATCH-UPD
_b10
_c20130914
_lUCH01
_h1711
590 _aCONVERSION
_b10
_c20130109
_lUCH01
_h1330
650 1 4 _aLabranza.
_964303
650 1 4 _aMaíz como forraje.
_971109
650 1 4 _aMaíz
_xRendimiento.
_971051
650 1 4 _aMaíz
_xValor nutritivo.
_971080
650 1 4 _aMaíz
_zMéxico (Edo.).
_971099
901 _aBK
942 _cFOLL
949 _bBC
_cTES
_d-129638
_eTS1
_h28357
_i60070
_si
949 _bBC
_cTES
_d33724000088084
_eTS2
_fc.2
_h28358
_i60070
_si
999 _c54945
_d54945